The aports car engine : its tuning and modification /
Guardado en:
| Autor Principal: | |
|---|---|
| Formato: | Libro |
| Idioma: | English |
| Publicado: |
London :
Chapman & Hall,
1968.
|
| Etiquetas: |
Agregar Etiqueta
Sin Etiquetas, Sea el primero en etiquetar este registro!
|
| LEADER | 00466nam a22001455a 4500 | ||
|---|---|---|---|
| 001 | EUN.um039607 | ||
| 003 | AR-BaUNS | ||
| 005 | 20050623122911.0 | ||
| 008 | 041125s1968####xxka##########000#0#eng#d | ||
| 245 | 1 | 4 | |a The aports car engine : |b its tuning and modification / |c Colin Campbell. |
| 260 | |a London : |b Chapman & Hall, |c 1968. | ||
| 300 | |a 322 p. : |b ilus. ; |c 22,5 cm. | ||
| 100 | 1 | |a Campbell, Colin. | |
| 082 | 0 | 4 | |a 629.24 |
| 859 | |a Ar-BaUNS |b BIB. CENTRAL - Sector A |h 629.24 |i C152 |p 63161/972 | ||
